00793nam a22001815i 450000100060000000300090000600500170001500700030003200800410003510000410007624502320011726000590034930000210040860000520042965500170048170000290049885200840052753840ES-MaACL20250825062718.0t|960705s1895 sp ||||1| spa d1 aFernández de Navarrete, Francisco.10aBreves rectificaciones a la biografía del Excmo. Sr. D. Martín Fernández de Navarrete : bque publicó en el Almanaque de la Ilustración para el año 1895 el Sr. D. Luis Vidart / cpor Francisco Fernández Navarrete. aZaragoza : b[s.n.], c1895 (fTip. de Comas Hermanos) a16 p. ; c21 cm.14aFernández de Navarrete, Martín, d1765-1844 0aBiografías1 aVidart, Luis,d1833-18974 aES-MaACLjT-814-F-1 z- Enc. en un vol. facticio, conservando cub. original